Donnez tous les homophones possibles #3 : "ou" - Statistiques

Statistiques générales
  • Ce quiz a été pris 236 fois
  • Le résultat moyen est 4 sur 5
Statistiques - réponses
Homophones de "ou" Réponse % Correct
1
100%
3 Hou
97%
5 Houx
88%
4 Houe
54%
2 Août
17%
Aucun quiz correspondant
Distribution des résultats
% des personnes avec chaque résultat
Percentile par nombre de réponses
Votre historique - résultats
Vous n’avez pas pris ce quiz